000 00610nam a2200229Ia 4500
003 OSt
005 20220918200446.0
006 a|||||r|||| 00| 0
007 ta
008 220917b |||||||| |||| 00| 0 eng d
024 _a88,920
037 _cTextual
040 _aARTS
_cARTS
_beng
041 _2eng
_aeng
082 _aU42.4.9G.N9, N0
100 _aBaral Lok raj
_994195
245 0 _aRegional migratioins ethnicity and security
_b the south Asian case
260 _c1990
650 _aGEOGRAPHY
942 _hU42.4.9G.N9, N0
_cTEXL
_2CC
999 _c212590
_d212590